| 000 | 00379nam a2200097Ia 4500 | ||
|---|---|---|---|
| 008 | 220204s9999 xx 000 0 und d | ||
| 082 |
_a62(083.74)AST1976 _bAST |
||
| 245 | 0 | _a1976 Annual book of ASTM standards. Pt 41. General test methods, non metal, statistical methods, space simulation measurement, general laboratory apparatus | |
| 260 |
_aPhiladelphia _bASTM _c1976 |
||
| 942 | _cBK | ||
| 999 |
_c26408 _d26408 |
||